=LDR 00000nam 2200000 4500 =001 INLIS000000000059348 =005 20211110015911 =035 ##$$a 0010-1121000085 =007 ta =008 211110###########################0###### =020 ##$$a 978-602-8593-00-7 =082 ##$$a 001.42 =084 ##$$a 001.42 muh m =245 1#$$a Metodologi Penelitian Ekonomi : $b Teori dan Aplikasi /$c Muhmmad Teguh =250 ##$$a Cet.1 =300 ##$$a 258 halaman ; $c 21 cm =264 ##$$a jakarta :$b RajaGrafindo Persada,$c 2001 =336 ##$$a teks$2 rdacontent =337 ##$$a lain-lain$2 rdamedia =338 ##$$a lain-lain$2 rdacarrier =990 ##$$a 27752775